LEADER 02051nas 2200613-a 450 001 996208329303316 005 20230707213041.0 011 $a1573-9252 035 $a(DE-599)ZDB2018823-7 035 $a(OCoLC)42897701 035 $a(CKB)954927386383 035 $a(CONSER)--2002215607 035 $a(EXLCZ)99954927386383 100 $a19991129a19999999 s-- a 101 0 $aeng 135 $aurmnu|||||||| 181 $ctxt$2rdacontent 182 $cc$2rdamedia 183 $acr$2rdacarrier 200 10$aSpatial cognition and computation 210 $a[Dordrecht], Netherlands $cKluwer Academic Publishers$d1999- 210 2 $aMahwah, N.J. $cLawrence Erlbaum Associates 210 3 $aAbingdon, UK $cTaylor & Francis 300 $aRefereed/Peer-reviewed 300 $aTitle from journal information screen (viewed Nov. 22, 1999). 311 $a1387-5868 531 $aSPAT COGN COMPUT 531 $aSPATIAL COGNITION & COMPUTATION 531 $aSPAT. COGN. COMPUT 531 0 $aSpat. cogn. comput. 606 $aSpace perception$vPeriodicals 606 $aGeographical perception$vPeriodicals 606 $aArtificial intelligence$vPeriodicals 606 $aPerception spatiale$vPériodiques 606 $aPerception géographique$vPériodiques 606 $aIntelligence artificielle$vPériodiques 606 $aArtificial intelligence$2fast$3(OCoLC)fst00817247 606 $aGeographical perception$2fast$3(OCoLC)fst00940459 606 $aSpace perception$2fast$3(OCoLC)fst01127772 608 $aPeriodicals.$2fast 615 0$aSpace perception 615 0$aGeographical perception 615 0$aArtificial intelligence 615 6$aPerception spatiale 615 6$aPerception géographique 615 6$aIntelligence artificielle 615 7$aArtificial intelligence. 615 7$aGeographical perception. 615 7$aSpace perception. 676 $a153 906 $aJOURNAL 912 $a996208329303316 996 $aSpatial cognition and computation$92399016 997 $aUNISA LEADER 03115nam 2200589Ia 450 001 9910962649303321 005 20260305211530.0 010 $a0-19-997476-4 010 $a0-19-997475-6 035 $a(CKB)2670000000397218 035 $a(EBL)1286289 035 $a(OCoLC)852898526 035 $a(SSID)ssj0000917665 035 $a(PQKBManifestationID)12373798 035 $a(PQKBTitleCode)TC0000917665 035 $a(PQKBWorkID)10892977 035 $a(PQKB)11672781 035 $a(Au-PeEL)EBL1286289 035 $a(CaPaEBR)ebr10732010 035 $a(CaONFJC)MIL504409 035 $a(MiAaPQ)EBC1286289 035 $a(FINmELB)ELB163302 035 $a(EXLCZ)992670000000397218 100 $a20121212d2013 uy 0 101 0 $aeng 135 $aur|n|---||||| 181 $ctxt 182 $cc 183 $acr 200 10$aAmerican epic $ereading the U.S. Constitution /$fGarrett Epps 205 $a1st ed. 210 $aOxford $cOxford University Press$d2013 215 $a1 online resource (301 p.) 300 $aDescription based upon print version of record. 311 08$a0-19-997474-8 327 $aCover; Contents; Preface: How to Read a Constitution; Acknowledgments; Preamble: "Tell me, Muse, how it all began"; Article I: A Tale of Two Cities; Article II: Under the Bramble Bush; Article III: Solomon's Sword; Article IV: All God's Children; Article V: Alter or Abolish; Article VI: The Supreme Law of the Land; Article VII: Bloodless and Successful; Last Things; The Bill of Rights: National Decalogue; Quick Fixes: Eleventh and Twelfth Amendments; Democratic Vistas: Thirteenth, Fourteenth, and Fifteenth Amendments 327 $aA Burst of Reform: Sixteenth, Seventeenth, Eighteenth, and Nineteenth AmendmentsHangover Remedies: Twentieth through Twenty-Second Amendments; Dreams and Nightmares: The Twenty-Third through Twenty-Sixth Amendments; Madison's Return: The Twenty-Seventh Amendment; Appendix: The United States Constitution; Notes; Index; A; B; C; D; E; F; G; H; I; J; K; L; M; N; O; P; Q; R; S; T; U; V; W; Y 330 $aIn 1987, E.L. Doctorow celebrated the Constitution's bicentennial by reading it. ""It is five thousand words long but reads like fifty thousand,"" he said. Distinguished legal scholar Garrett Epps--himself an award-winning novelist--disagrees. It's about 7,500 words. And Doctorow ""missed a good deal of high rhetoric, many literary tropes, and even a trace of, if not wit, at least irony,"" he writes. Americans may venerate the Constitution, ""but all too seldom is it read."" In American Epic, Epps takes us through a complete reading of the Constitution--even the ""boring"" parts--to achieve an 606 $aConstitutional law$zUnited States 606 $aConstitutions$zUnited States 615 0$aConstitutional law 615 0$aConstitutions 676 $a342.7302 686 $aLAW018000$2bisacsh 700 $aEpps$b Garrett$01593644 801 0$bMiAaPQ 801 1$bMiAaPQ 801 2$bMiAaPQ 906 $aBOOK 912 $a9910962649303321 996 $aAmerican epic$94470743 997 $aUNINA